Workshop "Long-Term Preservation of Databases" im Schweizerischen Bundesarchiv

Titel: Workshop "Long-Term Preservation of Databases" im Schweizerischen Bundesarchiv
Verfasser:
In: Archivar, Band 56, Heft 4 (2003), Seite 347-348
alle Artikel anzeigen
Veröffentlicht: 2003
Format: Aufsatz
Kein Bild verfügbar
X
alg: 44190342
001A    $03036:30-01-19 
001B    $06050:09-03-20 $t10:44:29.000 
001D    $03036:30-01-19 
001U    $0utf8 
001X    $00 
002@    $0Aox    
003@    $0441903428 
007A    $0441903428 $aHEB 
007T    $0ArchMa05176 
011@    $a2003 
021A    $aWorkshop "Long-Term Preservation of Databases" im Schweizerischen Bundesarchiv 
028A    $aHoen $dBarbara 
031A    $d56 $e4 $h347-348 $j2003 
039B    $aIn $8--Abvc--. Archivar. - Duisburg : Landesarchiv Nordrhein-Westfalen, [1947-2022]. - ISSN 0003-9500 $x200300000560004653 $9047106999 
045T    $a8,1 $a24,1 
045T    $aBBI $qDE-23 $2FID 

lok: 44190342 105

exp: 44190342 105 1 #EPN
201B/01 $030-01-19 $t13:20:41.000 
201C/01 $030-01-19 
201U/01 $0utf8 
203@/01 $01042257191 
208@/01 $a13-12-18 $be 
209A/01 $a/ $f106 $x00 
244Z/01 $aBern $x01 
245Z/01 $a2.05.04. $bArchivwissenschaft und Archivtheorie / Schriftgutverwaltung und elektronische Aufzeichnungen / Langzeitarchivierung elektronischer Aufzeichnungen $x01 
245Z/01 $a2.16.01. $bArchivwissenschaft und Archivtheorie / Archivaliengattungen / Digitale Aufzeichnungen $x02 
247C/01 $8->Marburg, Bibliographie zum Archivwesen der Archivschule Marburg $939588196X
LEADER 00000caa a22000002c 4500
001 441903428
003 DE-603
005 20200309104429.0
007 tu
008 190130s2003 xx |||| | u00||u|und c
035 |a (DE-599)HEB441903428 
040 |a DE-603  |b ger  |c DE-603  |d DE-603 
084 |a 8,1  |a 24,1  |2 ssgn 
084 |a BBI  |q DE-23  |2 fid 
100 1 |a Hoen, Barbara 
245 0 0 |a Workshop "Long-Term Preservation of Databases" im Schweizerischen Bundesarchiv 
264 0 |c 2003 
773 0 8 |i In  |t Archivar  |d Duisburg : Landesarchiv Nordrhein-Westfalen, [1947-2022]  |h 30 cm  |x 0003-9500  |g Band 56, Heft 4 (2003), Seite 347-348  |w (DE-603)047106999  |w (DE-600)120993-0 
924 0 |9 -  |a (DE-603)1042257191  |b DE-  |c HES  |d d  |g /